01230nam a22003134a 4500001001200000003000800012006001900020007001500039008004100054010001700095020002200112020002200134040002100156035002000177050002400197082001500221100003200236245013900268260005200407300001600459504005100475533015200526650002000678650002900698655002900727710001700756856012600773999001700899ebr10070378CaPaEBRm u cr cn|||||||||020416s2003 nyu sb 001 0 eng  z 2002067402 z0521819334 (hbk.) z0521796539 (pbk.) aCaPaEBRcCaPaEBR a(OCoLC)5721843714aR725.5b.G66 2003eb04a174/.22211 aGoodman, Kenneth W.,d1954-10aEthics and evidence-based medicineh[electronic resource] :bfallibility and responsibility in clinical science /cKenneth W. Goodman. aNew York :bCambridge University Press,cc2003. axii, 168 p. aIncludes bibliographical references and index. aElectronic reproduction.bPalo Alto, Calif. :cebrary,d2013.nAvailable via World Wide Web.nAccess may be limited to ebrary affiliated libraries. 0aMedical ethics. 0aEvidence-based medicine. 7aElectronic books.2local2 aebrary, Inc.40uhttp://site.ebrary.com/lib/rucke/Doc?id=10070378zAn electronic book accessible through the World Wide Web; click to view c43043d43043